Música (Registo nº 1353)

Detalhes MARC
000 -Etiqueta do registo
Cabeçalho 00784cam a2200265 4500
005 - Identificador da versão
Campo de controlo 20240821105808.0
010 ## - Número internacional normalizado dos livros (ISBN)
Número (ISBN) 9722212273
021 ## - Número do Depósito Legal
Código do país PT
Número 40803/90
035 ## - Other System Control Numbers
System Control Number 1884912
100 ## - Dados gerais de processamento
Dados gerais de processamento 19961007d1991 m y0pory5003 ba
101 1# - Língua de publicação
Língua do texto, banda sonora, etc. Português
Língua do documento no original Inglês
102 ## - Pais de publicação ou produção
País de publicação Portugal
200 1# - Titulo e menção de responsabilidade
Título próprio Música
Informação de outro título a história e a evolução dos instrumentos musicais, dos mais primitivos aos mais recentes
Primeira menção de responsabilidade Neil Ardley
Outras menções de responsabilidade trad. Maria Helena Coelho de Sousa
205 ## - Menção da edição
Menção da edição 6ª ed
210 ## - Publicação, Distribuição, etc. 
Lugar da edição, distribuição, etc. Lisboa
Nome do editor, distribuidor, etc. Verbo
Data da publicação, distribuição, etc. cop. 1988
215 ## - Descrição física 
Indicação específica da natureza do documento e extensão da espécie 63 p.
Outras indicações físicas il.
Dimensões 29 cm
225 2# - Colecção 
Título próprio da colecção Enciclopédia visual
Indicação de volume 8
304 ## - Notas relativas a título e menção de responsabilidade 
Texto da nota Tít. orig.: Music
675 ## - Classificação Decimal Universal (CDU)
Notação 78
Edição BN
Língua da edição por
Notação 030
Edição BN
Língua da edição por
700 #1 - Nome de autor-pessoa física (responsabilidade principal)
Número de registo de entrada de autoridade 0001224
Palavra de ordem Ardley
Outra parte do nome não tomada para palavra de ordem Neil
702 #1 - Nome de autor-pessoa física (responsabilidade secundária)
Número de registo de entrada de autoridade 0001909
Palavra de ordem Sousa
Outra parte do nome não tomada para palavra de ordem Maria Helena Coelho de
Código de função Tradutor
942 ## - Elementos de entrada adicionados (Koha)
Tipo de item no Koha Livro
Exemplares
Situação do levantamento Origin of item (home branch) (coded) Biblioteca de empréstimo Código de barras Cota Circulation type (not for loan) Tipo de documento Nota do exemplar Damaged status
  Biblioteca Escolar Eng. Nuno Mergulhão Biblioteca Escolar Eng. Nuno Mergulhão BENM434 | 1997 78 MUS ARD   Livro Sem mensagem